000 00287cam a22001097a 4500
008 180718b-- xxu||||| |||| 00| 0 eng d
082 _aT000x5464 S
100 _aTripura.
245 _aStatus paper on five year plan, Tripura
260 _aAgartala
_bThe author
_c--
500 _aLibrary has 7
999 _c489275
_d489275